| 000 -LEADER |
| fixed length control field |
02277nam a2200373 i 4500 |
| 001 - CONTROL NUMBER |
| control field |
23766167 |
| 003 - CONTROL NUMBER IDENTIFIER |
| control field |
OSt |
| 005 - DATE AND TIME OF LATEST TRANSACTION |
| control field |
20260406123302.0 |
| 008 - FIXED-LENGTH DATA ELEMENTS--GENERAL INFORMATION |
| fixed length control field |
240708t20242022nyua 000 0deng d |
| 020 ## - INTERNATIONAL STANDARD BOOK NUMBER |
| International Standard Book Number |
9781405968607 |
| Qualifying information |
paperback |
| 040 ## - CATALOGING SOURCE |
| Original cataloging agency |
DLC |
| Language of cataloging |
eng |
| Description conventions |
rda |
| Transcribing agency |
DLC |
| Modifying agency |
uoc |
| 082 00 - DEWEY DECIMAL CLASSIFICATION NUMBER |
| Edition number |
23 |
| Classification number |
973.932092 |
| Item number |
MIC |
| 100 1# - MAIN ENTRY--PERSONAL NAME |
| Personal name |
Obama, Michelle, |
| Dates associated with a name |
1964- |
| Relator term |
author. |
| 9 (RLIN) |
4062 |
| 245 14 - TITLE STATEMENT |
| Title |
The light we carry : |
| Remainder of title |
Overcoming in uncertain times / |
| Statement of responsibility, etc. |
Michelle Obama. |
| 246 30 - VARYING FORM OF TITLE |
| Title proper/short title |
Overcoming in uncertain times |
| 264 #1 - PRODUCTION, PUBLICATION, DISTRIBUTION, MANUFACTURE, AND COPYRIGHT NOTICE |
| Place of production, publication, distribution, manufacture |
Great Britain: |
| Name of producer, publisher, distributor, manufacturer |
Penguin Books, |
| Date of production, publication, distribution, manufacture, or copyright notice |
2024. |
| 264 #4 - PRODUCTION, PUBLICATION, DISTRIBUTION, MANUFACTURE, AND COPYRIGHT NOTICE |
| Date of production, publication, distribution, manufacture, or copyright notice |
© Michelle Obama,2022. |
| 264 #4 - PRODUCTION, PUBLICATION, DISTRIBUTION, MANUFACTURE, AND COPYRIGHT NOTICE |
| Date of production, publication, distribution, manufacture, or copyright notice |
© Penguin Random House LLC,2024. |
| 300 ## - PHYSICAL DESCRIPTION |
| Extent |
x, 326 pages: |
| Other physical details |
illustrations ; |
| Dimensions |
21 cm. |
| 336 ## - CONTENT TYPE |
| Content type term |
text |
| Content type code |
txt |
| Source |
rdacontent |
| 337 ## - MEDIA TYPE |
| Media type term |
unmediated |
| Media type code |
n |
| Source |
rdamedia |
| 338 ## - CARRIER TYPE |
| Carrier type term |
volume |
| Carrier type code |
nc |
| Source |
rdacarrier |
| 504 ## - BIBLIOGRAPHY, ETC. NOTE |
| Bibliography, etc. note |
Includes bibliographical references (pages 309-316). |
| 520 ## - SUMMARY, ETC. |
| Summary, etc. |
"Mrs. Obama offers readers a series of fresh stories and insightful reflections on change, challenge, and power, including her belief that when we light up for others, we can illuminate the richness and potential of the world around us, discovering deeper truths and new pathways for progress. Drawing from her experiences as a mother, daughter, spouse, friend, and First Lady, she shares the habits and principles she has developed to successfully adapt to change and overcome various obstacles--the earned wisdom that helps her continue to 'become.' She details her most valuable practices, like 'starting kind,' 'going high,' and assembling a 'kitchen table' of trusted friends and mentors. With trademark humor, candor, and compassion, she also explores issues connected to race, gender, and visibility, encouraging readers to work through fear, find strength in community, and live with boldness"--Provided by publisher. |
| 600 10 - SUBJECT ADDED ENTRY--PERSONAL NAME |
| Personal name |
Obama, Michelle, |
| Dates associated with a name |
1964- |
| 9 (RLIN) |
4062 |
| 600 10 - SUBJECT ADDED ENTRY--PERSONAL NAME |
| Personal name |
Obama, Michelle, |
| Dates associated with a name |
1964- |
| General subdivision |
Family. |
| 9 (RLIN) |
4062 |
| 650 #0 - SUBJECT ADDED ENTRY--TOPICAL TERM |
| Topical term or geographic name entry element |
Presidents' spouses |
| Geographic subdivision |
United States. |
| 9 (RLIN) |
4063 |
| 650 #0 - SUBJECT ADDED ENTRY--TOPICAL TERM |
| Topical term or geographic name entry element |
African American women lawyers |
| Geographic subdivision |
Illinois |
| -- |
Chicago |
| Form subdivision |
Biography. |
| 650 #0 - SUBJECT ADDED ENTRY--TOPICAL TERM |
| Topical term or geographic name entry element |
Lawyers |
| Geographic subdivision |
Illinois |
| -- |
Chicago |
| Form subdivision |
Biography. |
| 9 (RLIN) |
4064 |
| 650 #0 - SUBJECT ADDED ENTRY--TOPICAL TERM |
| Topical term or geographic name entry element |
Conduct of life. |
| 9 (RLIN) |
1111 |
| 650 #0 - SUBJECT ADDED ENTRY--TOPICAL TERM |
| Topical term or geographic name entry element |
Legislators' spouses |
| Geographic subdivision |
United States |
| Form subdivision |
Biography. |
| 9 (RLIN) |
4065 |
| 655 #7 - INDEX TERM--GENRE/FORM |
| Genre/form data or focus term |
Biographies. |
| Source of term |
lcgft |
| 9 (RLIN) |
4523 |
| 942 ## - ADDED ENTRY ELEMENTS (KOHA) |
| Source of classification or shelving scheme |
|
| Koha item type |
Book |